Η Καινή Διαθήκη
Αποθηκεύτηκε σε:
| Κύριος συγγραφέας: | |
|---|---|
| Μορφή: | Βιβλίο |
| Γλώσσα: | Greek |
| Δημοσίευση: |
Αθήναι :
Η Φωνή του Ευαγγελίου,
[1952]
|
| Θέματα: | |
| Ετικέτες: |
Προσθήκη ετικέτας
Δεν υπάρχουν, Καταχωρήστε ετικέτα πρώτοι!
|
MARC
| LEADER | 00000cam a2200000 i 4500 | ||
|---|---|---|---|
| 001 | 1/88600 | ||
| 008 | 051107s1952 gre d | ||
| 035 | |l 10081121 | ||
| 040 | |a GR-MY-UA |b gre |e aacr | ||
| 041 | 0 | |a gre | |
| 082 | 0 | |a 225 |2 (22) | |
| 100 | 1 | |a Χατζηαντωνίου, Γεώργιος Α., |d 1904- | |
| 245 | 1 | 2 | |a Η Καινή Διαθήκη / |c Γεωργίου Α. Χατζηαντωνίου |
| 260 | |a Αθήναι : |b Η Φωνή του Ευαγγελίου, |c [1952] | ||
| 300 | |a 2 τ.; |c 20 εκ. | ||
| 500 | |a Με: Άνθρωπος και θεάνθρωπος / Αρχιμανδρίτου Ιουστινού Πόποβιτς. - Αλήθεια και αποκάλυψη / Νικόλαος Μπερντιαέφ | ||
| 505 | 0 | |a Τ.1. Γενική εισαγωγή | |
| 630 | 0 | 0 | |a Bible. N.T. |
| 650 | 0 | 0 | |a Bible. |
| 852 | |a INST |b RHODES |c KRI |e 20051107 |h 225 ΧΑΤ |p 005400022499 |q 005400022499 |t BK |v τ.2: |y 0 |z τ.2 | ||
| 853 | |a INST |b RHODES |c KRI |h 225 ΧΑΤ | ||
| 901 | |a BIBL4-2005-3 | ||
| 909 | |a Ρ |b 122303 | ||
| 970 | |a ΚΟΖΑ |b ΜΑΡΙΑ |z 2005/11/07 | ||